All Federal States in the World - Statistics

General Stats
  • This quiz has been taken 132 times
  • The average score is 17 of 27
Answer Stats
Country % Correct
United States
97%
Russia
95%
Canada
93%
Germany
93%
Brazil
90%
Australia
89%
Mexico
88%
India
87%
Argentina
76%
Switzerland
70%
Austria
65%
Pakistan
64%
Nigeria
60%
Malaysia
57%
Belgium
54%
United Arab Emirates
54%
Micronesia
51%
Venezuela
50%
Ethiopia
48%
Iraq
46%
Sudan
45%
Bosnia and Herzegovina
43%
South Sudan
33%
Nepal
32%
Somalia
31%
Saint Kitts and Nevis
26%
Comoros
17%
No matching quizzes found
Score Distribution
Percent of People with Each Score
Percentile by Number Answered
Your Score History
You have not taken this quiz